Ciencias sociales 8º /
Guardado en:
| Autor Principal: | |
|---|---|
| Otros Autores: | , |
| Formato: | Libro |
| Publicado: |
Buenos Aires :
Kapelusz,
2005
|
| Materias: | |
| Etiquetas: |
Agregar Etiqueta
Sin Etiquetas, Sea el primero en etiquetar este registro!
|
| LEADER | 01273nam a22002295a 4500 | ||
|---|---|---|---|
| 001 | CEM.cems013089 | ||
| 005 | 20090401124555.0 | ||
| 008 | 130507s2005##################000#0#####d | ||
| 003 | CEMS | ||
| 020 | |a 9501309924 | ||
| 082 | 0 | 4 | |a Z302 |
| 100 | 1 | |a Vázquez de Fernández, Silvia | |
| 245 | 1 | 0 | |a Ciencias sociales 8º / |c Silvia Vázquez de Fernández, Laura Estela López, Nancy Cardinaux |
| 260 | |a Buenos Aires : |b Kapelusz, |c 2005 | ||
| 300 | |a 312 p. | ||
| 505 | 0 | |a Ambiente, sociedad y recursos de América -- La población de América y sus contrastes -- las actividades que transforman el espacio -- La organización política del espacio americano -- Los inicios de la modernidad (siglos XV y XVI) -- Europa y la conquista y colonización de América (siglos XV al XVII) -- Europa y América en los siglos XVII y XVIII --Los tiempos contemporáneos a partir de la doble revolución -- La Argentina y América Latina en la primera mitad del siglo XIX -- Las normas sociales y la Constitución Nacional | |
| 653 | |a Ciencias sociales | ||
| 653 | |a Ciencias sociales-8º egb | ||
| 653 | |a Ciencias sociales-educación general básica | ||
| 700 | 1 | |a López, Laura Estela | |
| 700 | 1 | |a Cardinaux, Nancy | |
| 859 | |a CEMS |b BIB. CEMS - 11 de abril |h Z302 |i V443 |p 25545.09 |t Ej.1 |v 8º |3 8º | ||
